MARC

LEADER 00000nam0a2200000 4500
001 354395
005 20231102010704.0
035 |a (RuTPU)RU\TPU\retro\11653 
035 |a RU\TPU\retro\11580 
090 |a 354395 
100 |a 20200619d1977 k y0rusy50 ca 
101 0 |a rus 
102 |a RU 
105 |a a z 001zy 
200 1 |a Проблемы геологии и нефтегазоносности доюрских отложений Западно-Сибирской плиты  |e сборник научных трудов  |f Сибирский научно-исследовательский институт геологии, геофизики и минерального сырья (СНИИГГиМС) ; под ред. О. Г. Жеро , В. С. Суркова 
210 |a Новосибирск  |c Изд-во СНИИГГиМС  |d 1977 
215 |a 134 с.  |c ил. 
225 1 |a Труды Сибирского научно-исследовательского института геологии, геофизики и минерального сырья (СНИИГГиМС)  |v Вып. 255 
320 |a Библиогр. в конце ст. 
606 1 |a Геология  |y Сибирь  |2 stltpush  |3 (RuTPU)RU\TPU\subj\68833  |9 83954 
606 1 |a Нефтегазоносность  |y Сибирь  |2 stltpush  |3 (RuTPU)RU\TPU\subj\72086  |9 85673 
610 1 |a доюрские отложения 
610 1 |a палеозойские отложения 
610 1 |a перспективы 
610 1 |a нефти 
610 1 |a геохимия 
610 1 |a Томская область 
610 1 |a геологическое строение 
610 1 |a сейсморазведочные работы 
675 |a 55(571.1/.5)  |v 3 
675 |a 553.98(571.1/.5)  |v 3 
702 1 |a Жеро  |b О. Г.  |4 340 
702 1 |a Сурков  |b В. С.  |4 340 
712 0 2 |a Сибирский научно-исследовательский институт геологии, геофизики и минерального сырья (СНИИГГиМС)  |c (Новосибирск)  |2 stltpush  |3 (RuTPU)RU\TPU\col\322 
801 1 |a RU  |b 63413507  |c 20141224 
801 2 |a RU  |b 63413507  |c 20210325  |g RCR 
942 |c BK